Normal view
MARC view
Entry Personal Name
001 - CONTROL NUMBER
- control field: 6062
003 - CONTROL NUMBER IDENTIFIER
- control field: BD-RjUL
005 - DATE AND TIME OF LATEST TRANSACTION
- control field: 20221128183046.0
008 - FIXED-LENGTH DATA ELEMENTS
- fixed length control field: 221128|| aca||aabn | a|a d
040 ## - CATALOGING SOURCE
- Original cataloging agency: BD-RjUL
- Transcribing agency: BD-RjUL
100 ## - HEADING--PERSONAL NAME
- Personal name: Nikkon, Farjana
670 ## - SOURCE DATA FOUND
- Source citation: Work cat.: (BD-RjUL)80858: Nikkon, Farjana, Phytochemical and Biological investigation of the plants moringa oleifera lam. and duranta repens linn. /, 2005